000 01201nam a2200229Ia 4500
003 OSt
005 20220923220824.0
006 a|||||r|||| 00| 0
007 ta
008 220922b |||||||| |||| 00| 0 hin d
024 _a190,935
037 _cTextual
040 _aARTS
_cARTS
_bhin
041 _2hin
_ahin
082 _aR65:6:9xM69, 152K0
100 _aगांघी, मोहनदास कर्मचंद
_9159938
245 0 _aगीतामाता* श्रीमद्भगवद्गीता का तात्पर्य, हिंदी टीका, मूल संस्कृत पाठ, सरल और भक्ति प्रधान श्लोको का सग्रह, गीता-पदार्य कोष तथा गीता संबघी लेख
246 _aGītāmātā: shrīmadbhagavadgītā kā tātparya, hiandī ṭīkā, mūl sanskṛut pāṭha, saral aur bhakti pradhān shloko kā sagraha, gītā-padārya koṣh tathā gītā sanbaghī lekha
260 _c1960
942 _hR65:6:9xM69, 152K0
_cTEXL
_2CC
999 _c343656
_d343656